Χλωριδική ζώνωση σε υγροτοπικά συστήματα στον Κόλπο Καλλονής, Λέσβου : πτυχιακή εργασία

Αποθηκεύτηκε σε:
Λεπτομέρειες βιβλιογραφικής εγγραφής
Κύριος συγγραφέας: Ντιναπόγια, Βάϊα
Συγγραφή απο Οργανισμό/Αρχή: Πανεπιστήμιο Αιγαίου. Σχολή Περιβάλλοντος. Τμήμα Περιβάλλοντος
Άλλοι συγγραφείς: Ντίκου, Αγγελική (Εισηγητής διατριβής), Τρούμπης, Ανδρέας (Εισηγητής διατριβής)
Μορφή: Thesis Βιβλίο
Γλώσσα:Greek
Δημοσίευση: Μυτιλήνη : Πανεπιστήμιο Αιγαίου, Τμήμα Περιβάλλοντος, 2005
Θέματα:
Ετικέτες: Προσθήκη ετικέτας
Δεν υπάρχουν, Καταχωρήστε ετικέτα πρώτοι!

MARC

LEADER 00000cam a2200000 i 4500
001 1/22144
008 060118s2005 gre d
035 |l 10082064 
040 |a GR-MY-UA  |b gre  |e aacr 
041 0 |a gre 
082 0 |a 333.72  |2 (22) 
100 1 |a Ντιναπόγια, Βάϊα. 
245 1 0 |a Χλωριδική ζώνωση σε υγροτοπικά συστήματα στον Κόλπο Καλλονής, Λέσβου :  |b πτυχιακή εργασία /  |c Ντιναπόγια Βάϊα ; υπεύθυνοι καθηγητές Ντίκου Αγγελική, Τρούμπης Ανδρέας 
260 |a Μυτιλήνη :   |b Πανεπιστήμιο Αιγαίου, Τμήμα Περιβάλλοντος,   |c 2005 
300 |a 53 σ.;  |b εγχρ. εικ., πιν., διαγρ.;  |c 30 εκ. 
502 # # |a Πτυχιακή εργασία – Πανεπιστήμιο Αιγαίου, Λέσβος, 2005. 
504 |a Βιβλιογραφία: 45-47 
650 0 0 |a Environmental management  |z Greece  |z Kallone (Lesbos Island) 
650 0 0 |a Environmental protection  |z Greece  |z Kallone (Lesbos Island) 
650 0 0 |a Wetland management  |z Greece  |z Kallone (Lesbos Island) 
650 0 0 |a Dissertations, Academic  |z Greece. 
700 1 |a Ντίκου, Αγγελική.  |4 ths 
700 1 |a Τρούμπης, Ανδρέας.  |4 ths 
710 2 |a Πανεπιστήμιο Αιγαίου.   |b Σχολή Περιβάλλοντος.   |b Τμήμα Περιβάλλοντος. 
852 |a INST  |b LESVOS  |c DIATR  |e 20060118  |h 1009  |p 005100031051  |q 005100031051  |t DIE  |y 23 
852 |a INST  |b LESVOS  |c DIATR  |e 20060119  |h 1010  |p 005100033563  |q 005100033563  |t DIE  |y 23 
901 |a BIBL1-2006-1 
909 |a Λ  |b 125373 
909 |a Λ  |b 125372 
924 |a ΝΤΙΝΑΠΟΓΙΑ  |b ΒΑΪΑ  |y ΛΕΣΒΟΣ  |z 2005-11 
970 |a ΜΑΡΙΝΑΤΟΥ  |b ΜΥΡΣΙΝΗ  |z 2006/01/18